LIBRARY & INFORMATION CENTRE, KCAET, TAVANUR

ONLINE PUBLIC ACCESS CATALOGUE (OPAC)

Introduction to plant science guide to seeds propagation of plants and green house management / (Record no. 10137)

MARC details
000 -LEADER
fixed length control field 00569cam a2200193ua 4500
020 ## - INTERNATIONAL STANDARD BOOK NUMBER
ISBN 81 7156 543 3
041 ## - LANGUAGE CODE
Language code of text/sound track or separate title eng
082 ## - DEWEY DECIMAL CLASSIFICATION NUMBER
Classification number 581
Item number KAI/IN
100 ## - MAIN ENTRY--AUTHOR NAME
Personal name Kains, M G .
245 ## - TITLE STATEMENT
Title Introduction to plant science guide to seeds propagation of plants and green house management /
260 ## - PUBLICATION, DISTRIBUTION, ETC. (IMPRINT)
Place of publication :
Name of publisher Atlantic publishers and distributers ,
Year of publication 1995.
300 ## - PHYSICAL DESCRIPTION
Number of Pages 639 ; .
500 ## - GENERAL NOTE
General note **Reference
700 1# - ADDED ENTRY--PERSONAL NAME
Personal name Mcquesten , L M .
942 ## - ADDED ENTRY ELEMENTS (KOHA)
Koha item type Books
Holdings
Withdrawn status Lost status Damaged status Home library Current library Date acquired Full call number Accession Number Koha item type
      KAUAET KAUAET 07/04/2012 581 19731 Reference
free website counter